| 000 | 00381nam a2200157Ia 4500 | ||
|---|---|---|---|
| 005 | 20250424054237.0 | ||
| 008 | 240331s9999 xx 000 0 und d | ||
| 020 | _a | ||
| 082 |
_a294.5 _bRAJ |
||
| 100 | _aRaju, T.S | ||
| 245 | 0 | _aBarathy pootiya pannarum upanidatha nool | |
| 260 |
_aChennai _bNeru Achagum _c1982 |
||
| 300 | _a144 p ., | ||
| 500 | _aUbanitatha nool | ||
| 942 | _cL | ||
| 999 |
_c956 _d956 |
||